000 02302nam1a2200349 i 4500
001 RU\NLR\BIBL_A\012453689
005 20260408083519.0
010 _a9785851511738
_95750
035 _a(NLR Aleph) 012453689
090 _a11987736
_c11987736
100 _a20210215d2020 e y0rusy50 ca
101 0 _arus
102 _aRU
105 _a||||j||||||||
181 0 _ai
_baxxe
182 0 _an
200 1 _aИстория Архангельского Севера с 1914 г. до наших дней
_eучебное пособие для учащихся 10-11-х классов общеобразовательных организаций
_eбазовый и углублённый уровни
_eсоответствует региональному историко-культурному стандарту Архангельской области
_eв двух книгах
_fМинистерство образования и науки Архангельской области, ФГАОУ ВО "Северный (Арктический) федеральный университет имени М.В. Ломоносова" [и др.
_gканд. ист. наук Р.Ю. Болдырев и др.
_gнаучно-редакционный совет: В.П. Базаркина и др.]
203 _aТекст
_bвизуальный
_cнепосредственный
210 _aАрхангельск
_cАО ИОО
_d2020
215 _d22
300 _aНа обл. подзаг.: 10-11
607 _aАрхангельская область
_jУчебные издания для средней школы
_xИстория
_z1914 - нач. 21 вв.
_92468155
_3RU\NLR\AUTH\6601683220
686 1 _aТ3(2Р-4Арх)524я72
686 1 _aТ3(2Р-4Арх)7я72
702 1 _aБолдырев
_bР. Ю.
_f1977-
_gРоман Юрьевич
_4220
702 1 _aБазаркина
_bВ. П.
_gВалентина Павловна
_4340
712 0 2 _4570
_aСеверный (Арктический) федеральный университет им. М. В. Ломоносова
_cАрхангельск
_3RU\NLR\AUTH\8810168102
_9832037
852 _aNLR
_j2021-5/973
942 _cBOOK